Once Upon A Time - personnages - Statistiques

Statistiques générales
  • Ce quiz a été pris 496 fois
  • Le résultat moyen est 11 sur 15
Statistiques - réponses
Hint Réponse % Correct
Mary Margaret Blanche neige
100%
Regina Mills La méchante reine
96%
David Nolan Le prince charmant
96%
Belle French Belle
95%
Killian Jones Capitaine crochet
95%
Robin de Locksley Robin des bois
84%
August Booth Pinocchio
80%
M.Gold Rumplestilskin
78%
Shérif Graham Le chasseur
73%
Ruby Le chaperon rouge
68%
Jefferson Le chapelier fou
61%
Zelena La sorcière de l'ouest
60%
Archibald Hopper Jiminy Cricket
58%
Cora La reine de coeur
55%
Neal Cassidy Bealfire
33%
Aucun quiz correspondant
Distribution des résultats
% des personnes avec chaque résultat
Percentile par nombre de réponses
Votre historique - résultats
Vous n’avez pas pris ce quiz